Municipios de Álava (con mapa) - Estadísticas

Estadísticas generales
  • Esta prueba ha sido intentada 65 veces
  • La puntuación promedio es 36 de 68
Respuestas en el mapa
Las respuestas están codificadas por una escala verde-roja en el mapa de la prueba según el % correcto abajo.
 
Estadísticas de respuestas
Respuesta % Correcto
Vitoria-Gasteiz
100%
Laguardia / Guardia
89%
Alegría-Dulantzi
78%
Alegría-Dulantzi
78%
Alegría-Dulantzi
78%
Elciego
78%
Laudio / Llodio
78%
Agurain / Salvatierra
75%
Agurain / Salvatierra
75%
Labastida / Bastida
72%
Amurrio
69%
Amurrio
69%
Oyón-Oion
67%
Valdegovía / Gaubea
67%
Campezo / Kanpezu
64%
Legutio
64%
Añana
61%
Aramaio
61%
Ribera Baja / Erriberabeitia
61%
Ayala / Aiara
58%
Bernedo
58%
Iruña Oka / Iruña de Oca
58%
Lanciego / Lantziego
58%
Lantarón
58%
Lantarón
58%
Peñacerrada-Urizaharra
58%
Zigoitia
58%
Zuia
58%
Erriberagoitia / Ribera Alta
56%
Erriberagoitia / Ribera Alta
56%
Elburgo / Burgelu
50%
Elburgo / Burgelu
50%
Kuartango
50%
Zambrana
50%
Armiñón
47%
Artziniega
47%
Elvillar / Bilar
47%
Lapuebla de Labarca
47%
San Millán / Donemiliaga
47%
San Millán / Donemiliaga
47%
San Millán / Donemiliaga
47%
Yécora / Iekora
47%
Yécora / Iekora
47%
Baños de Ebro / Mañueta
44%
Okondo
44%
Zalduondo
44%
Asparrena
42%
Asparrena
42%
Barrundia
42%
Berantevilla
42%
Berantevilla
42%
Samaniego
42%
Harana / Valle de Arana
39%
Kripan
39%
Lagrán
39%
Leza
39%
Urkabustaiz
39%
Moreda de Álava / Moreda Araba
36%
Navaridas
36%
Iruraiz-Gauna
31%
Iruraiz-Gauna
31%
Iruraiz-Gauna
31%
Iruraiz-Gauna
31%
Iruraiz-Gauna
31%
Iruraiz-Gauna
31%
Villabuena de Álava / Eskuernaga
31%
Arraia-Maeztu
28%
Arratzua-Ubarrundia
19%
No se encontraron pruebas coincidentes
Distribución de puntuación
Porcentaje de gente con cada puntuación
Porcentaje por número respondido
Historial de tus puntuaciones
No has intentado esta prueba.